A modern economic history of Africa / (Record no. 261)

MARC details
000 -LEADER
fixed length control field 01237cam a2200373 a 4500
001 - CONTROL NUMBER
control field 1135574
003 - CONTROL NUMBER IDENTIFIER
control field OSt
005 - DATE AND TIME OF LATEST TRANSACTION
control field 20230605103257.0
008 - FIXED-LENGTH DATA ELEMENTS--GENERAL INFORMATION
fixed length control field 940826m19939999sg ab b 001 0 eng d
010 ## - LIBRARY OF CONGRESS CONTROL NUMBER
LC control number 94201745
015 ## - NATIONAL BIBLIOGRAPHY NUMBER
National bibliography number GB93-63168
020 ## - INTERNATIONAL STANDARD BOOK NUMBER
International Standard Book Number 2869780265
020 ## - INTERNATIONAL STANDARD BOOK NUMBER
International Standard Book Number 2869780273 (pbk)
035 ## - SYSTEM CONTROL NUMBER
System control number (OCoLC)29305139
040 ## - CATALOGING SOURCE
Original cataloging agency NHC
Transcribing agency NHC
Modifying agency Uk
-- OCoLC
-- DLC
042 ## - AUTHENTICATION CODE
Authentication code lccopycat
043 ## - GEOGRAPHIC AREA CODE
Geographic area code f------
050 00 - LIBRARY OF CONGRESS CALL NUMBER
Classification number HC800
Item number .Z45 1993
082 00 - DEWEY DECIMAL CLASSIFICATION NUMBER
Classification number 330.9620
Item number ZEL
100 1# - MAIN ENTRY--PERSONAL NAME
Personal name Zeleza, Paul Tiyambe,
Dates associated with a name 1955-
245 12 - TITLE STATEMENT
Title A modern economic history of Africa /
Statement of responsibility, etc. Paul Tiyambe Zeleza.
260 ## - PUBLICATION, DISTRIBUTION, ETC. (IMPRINT)
Place of publication, distribution, etc. Dakar, Senegal :
Name of publisher, distributor, etc. Codesria ;
Place of publication, distribution, etc. Oxford, UK. :
Name of publisher, distributor, etc. Distributed by African Books Collective,
Date of publication, distribution, etc. 1993-
300 ## - PHYSICAL DESCRIPTION
Extent 501
Other physical details ill., maps ;
Dimensions 23 cm.
440 #0 - SERIES STATEMENT/ADDED ENTRY--TITLE
Title Codesria book series
504 ## - BIBLIOGRAPHY, ETC. NOTE
Bibliography, etc Includes bibliographical references and index.
505 1# - FORMATTED CONTENTS NOTE
Formatted contents note v. 1. The nineteenth century.
651 #0 - SUBJECT ADDED ENTRY--GEOGRAPHIC NAME
Geographic name Africa
General subdivision Economic conditions.
651 #0 - SUBJECT ADDED ENTRY--GEOGRAPHIC NAME
Geographic name Africa
General subdivision History
Chronological subdivision 19th century.
651 #0 - SUBJECT ADDED ENTRY--GEOGRAPHIC NAME
Geographic name Africa
General subdivision History
-- 20th century.
906 ## - LOCAL DATA ELEMENT F, LDF (RLIN)
a 7
b cbc
c copycat
d 2
e ncip
f 19
g y-gencatlg
942 ## - ADDED ENTRY ELEMENTS (KOHA)
Source of classification or shelving scheme Dewey Decimal Classification
Koha item type Books
Holdings
Withdrawn status Lost status Source of classification or shelving scheme Damaged status Not for loan Home library Current library Date acquired Total Checkouts Full call number Barcode Date last seen Price effective from Koha item type
    Dewey Decimal Classification     Bunge Tower Library Bunge Tower Library 06/05/2023   330.9620 ZEL 10014843 06/05/2023 06/05/2023 Books
    Dewey Decimal Classification     Bunge Tower Library Bunge Tower Library 06/05/2023   330.9620 ZEL 10014842 06/05/2023 06/05/2023 Books
    Dewey Decimal Classification     Bunge Tower Library Bunge Tower Library 06/05/2023   330.9620 ZEL 10014844 06/05/2023 06/05/2023 Books
    Dewey Decimal Classification     Bunge Tower Library Bunge Tower Library 06/05/2023   330.9620 ZEL 10014845 06/05/2023 06/05/2023 Books
LIBRARY OPENING HOURS

When the Parliament is sitting: 8.00a.m - 7.00p.m or until the house adjourns
Mondays and Fridays and when the House is on Recess:  8.00a.m - 5.00p.m
Closed on Weekends and Public Holidays

Online Public Access Catalog (OPAC)
Website: http://www.parliament.go.ke
Bunge Library: https://libraryir.parliament.go.ke
Contact: library@parliament.go.ke | Tel no: (254-2)2221291 or 2848000 Ext 5043